000 00885cab a2200265 4500
001 ABS58945
008 090401t1998 xxu||||| |||| 00| 0 eng d
035 _a(Sirsi) u86923
041 _aeng
100 _aGerrard, R.
245 _aLegal tender
260 _c1998
350 _a0
490 _aEstates Gazette
_v(9823) 6 June 1998, 56-57(2)
520 _aDiscusses the contents of a report by headhunters Longbridge on the salary levels of lawyers, the reasons for anticipated increases and the differential between fees in the city and fees in the regions. Considers the use of larger regional practices instead of London firms.
650 _aCITY
650 _aLAW FIRMS
650 _aLAWYERS
650 _aRATES
650 _aREGIONS
650 _aSALARIES
690 _aMANAGEMENT-BUSINESS MANAGEMENT-PROFESSIONAL PRACTICE
942 _n0
948 _c19/06/1998
999 _c54742
_d54742